Central Library OPAC University of Rajshahi

نيل الأوطار :nil al'awtar : (Record no. 82853)

MARC details
000 -LEADER
fixed length control field 02266nam a2200361 a 4500
001 - CONTROL NUMBER
control field 82853
003 - CONTROL NUMBER IDENTIFIER
rucl marc code BD-RjUL
005 - DATE AND TIME OF LATEST TRANSACTION
control field 20240130091659.0
008 - FIXED-LENGTH DATA ELEMENTS--GENERAL INFORMATION
fixed length control field 240130s2000 le |||||||||||||||||ara d
035 ## - SYSTEM CONTROL NUMBER
System control number (BD-RjUL)82853
040 ## - CATALOGING SOURCE
Original cataloging agency NNL
Language of cataloging ara
Transcribing agency BD-RjUL
041 0# - LANGUAGE CODE
Language code of text/sound track or separate title ara
082 ## - DEWEY DECIMAL CLASSIFICATION NUMBER
Edition number 23
Classification number 297.12509
Author mark and year SHN 1965
100 1# - MAIN ENTRY--PERSONAL NAME
Personal name الشوكاني، محمد بن علي ;; ،Al-Shawkani, Muhammad bin Ali,
Dates associated with a name 1759-1839
9 (RLIN) 11245
245 10 - TITLE STATEMENT
Title نيل الأوطار :nil al'awtar :
Remainder of title من اسرار منتقى الاخبار /min asrar muntaqaa aliakhbar /
Statement of responsibility, etc. تأليف محمد بن علي بن محمد الشوكاني ؛ دراسة وتحقيق علي محمد معوض [و]عادل عبد الموجود، شارك في تحقيقه أحمد عيسى المعصراوي..talif muhamad bin eali bin muhamad alshuwkani ; dirasat watahqiq eali muhamad mueawad [w]eadil eabd almawjud, sharak fi tahqiqih 'ahmad eisaa almiesarawi..
246 33 - VARYING FORM OF TITLE
Title proper/short title nil al'awtar min 'asrar muntaqaa al'akhbar ;; نيل الأوطار من أسرار منتقى الأخبار
Title proper/short title نيل الأوطار شرح منتقى الأخبار من أحاديث سيد الأخيار
260 ## - PUBLICATION, DISTRIBUTION, ETC. (IMPRINT)
Place of publication, distribution, etc. بيروت :Beirut :
Name of publisher, distributor, etc. دار الكتاب العربي ;; ،dar alkitaab al arabiu,
Date of publication, distribution, etc. ١٤٢٠هج ٢٠٠٠م.
300 ## - PHYSICAL DESCRIPTION
Pagination 5 مجلدات.
Size 26 cm
500 ## - GENERAL NOTE
General note يسمى الكتاب أيضا: نيل الأوطار شرح منتقى الأخبار من أحاديث سيد الأخبار (ج. 1، ص. 3)
505 ## - FORMATTED CONTENTS NOTE
Formatted contents note .-- الجزء 5
600 14 - SUBJECT ADDED ENTRY--PERSONAL NAME
Personal name ابن تيمية، عبد السلام بن عبد الله،
Dates associated with a name 1194-1255
Personal name ابن تيمية، عبد السلام بن عبد الله،
Dates associated with a name 1194-1255.
Title of a work المنتقى من أحاديث الأحكام
650 #4 - SUBJECT ADDED ENTRY--TOPICAL TERM
Topical term or geographic name as entry element Hadith
General subdivision Criticism, interpretation, etc.
Topical term or geographic name as entry element Sunna
9 (RLIN) 11248
Topical term or geographic name as entry element Purity, Ritual
General subdivision Islam
9 (RLIN) 11249
700 1# - ADDED ENTRY--PERSONAL NAME
Personal name ابن تيمية، عبد السلام بن عبد الله،
Dates associated with a name 1194-1255
Personal name ابن تيمية، عبد السلام بن عبد الله،
Dates associated with a name 1194-1255.
Personal name معوض، علي محمد
Personal name عبد الموجود، عادل أحمد
Personal name المعصراوي، أحمد عيسى حسن
942 ## - ADDED ENTRY ELEMENTS (KOHA)
Source of classification or shelving scheme Dewey Decimal Classification
Koha item type Books
Holdings
Lost status Source of classification or shelving scheme Damaged status Not for loan Collection code Permanent Location Current Location Shelving location Date acquired Source of acquisition Full call number Date last seen Copy number Koha item type
  Dewey Decimal Classification   Not For Loan Non-fiction Central Library, University of Rajshahi Central Library, University of Rajshahi Reading Room 30/01/2024 Mawlana A.K.M.Husain , Mufti manjil , Basudevpur Rajshahi A 297.12509 SHN V-5 2000 30/01/2024 C-1 Books